Notebook : Praktická příručka uživatele

Salvato in:
Dettagli Bibliografici
Autore principale: Broža, Petr (Autore)
Natura: Libro
Lingua:ceco
Pubblicazione: Brno : CP Books, 2005
Soggetti:
Tags: Aggiungi Tag
Nessun Tag, puoi essere il primo ad aggiungerne!!

MARC

LEADER 00000nam a22000003a 4500
001 stu113317
005 20220511100811.8
008 060308s2005----xr------------------cze-d
020 |a 80-251-0656-X 
040 |a STU  |b slo 
041 0 |a cze 
044 |a xr 
080 |a 681.3 
100 1 |a Broža, Petr  |4 aut 
245 1 |a Notebook :  |b Praktická příručka uživatele 
260 |a Brno :  |b CP Books,  |c 2005 
300 |a 150 s. 
650 7 |a notebooky  |2 stusub 
996 |b 284EK86136  |c E*86136  |l EE01  |s A  |a 24  |w stu113317_0001